| 000 | 00331nam a2200145 i 4500 | ||
|---|---|---|---|
| 001 | bg | ||
| 100 | 1 | _aJAŚMANOWICZ, L. | |
| 245 | 0 |
_aZbiór zadań z algebry / _cL. Jaśmanowicz. |
|
| 250 | _aWyd.4. | ||
| 260 |
_aWarszawa, _c1969. |
||
| 040 | _cBPK | ||
| 041 | _apol | ||
| 942 | _cKS | ||
| 008 | s pl f |000 0 pol | ||
| 999 |
_c10499 _d10499 |
||
| 856 |
_uhttp://koha.tu.koszalin.pl/cgi-bin/koha/opac-detail.pl?biblionumber=10499 _yKatalog online BPK |
||